| 000 | 00892nam a2200277 a 4500 | ||
|---|---|---|---|
| 001 | 30337 | ||
| 003 | BD-RjUL | ||
| 005 | 20211209051540.0 | ||
| 008 | 140409s1974 nyu p 001 0 eng d | ||
| 020 | _a0121619028 | ||
| 035 | _a(BD-RjUL)30422 | ||
| 040 |
_aDLC _beng _cDLC _dBD-RjUL |
||
| 041 | _aeng | ||
| 082 | 0 | 0 |
_a153.46 _bHAN V-2 1974 |
| 245 | 0 | 0 |
_aHandbook of perception : _bPsychophysical judgment and measurement _cedited by Edward C. Carterette and Morton P. Friedman |
| 260 |
_aNew York ; _aLondon : _bAcademic Press, _cc1974. |
||
| 300 |
_aV. : _bill. ; _c24 cm. |
||
| 504 | _aIncludes bibliographical references and index. | ||
| 505 | 0 | _aVol. 2 -- | |
| 650 | 0 |
_aPsychophysiology _992224 |
|
| 650 | 0 |
_aPsychometrics _992225 |
|
| 650 | 0 |
_aJudgment _992226 |
|
| 700 | 1 |
_aCarterette, Edward C. _q(Edward Calvin) _992228 |
|
| 700 | 1 |
_aFriedman, Morton P. _992176 |
|
| 942 |
_2ddc _cBK |
||
| 999 |
_c30337 _d30337 |
||